Complete the Card - WWE WrestleMania 29 - Statistics

General Stats
  • This quiz has been taken 1,492 times
  • The average score is 20 of 24
Answer Stats
Answer % Correct
John Cena
99%
The Rock
96%
The Undertaker
95%
Triple H
95%
CM Punk
93%
Randy Orton
93%
Dean Ambrose
92%
Roman Reigns
92%
Seth Rollins
92%
The Big Show
91%
Brock Lesnar
90%
Kane
89%
Sheamus
89%
Daniel Bryan
88%
Alberto Del Rio
85%
The Miz
84%
Dolph Ziggler
82%
Jack Swagger
78%
Chris Jericho
75%
Big E Langston
73%
Mark Henry
69%
Ryback
68%
Wade Barrett
67%
Fandango
61%
No matching quizzes found
Score Distribution
Percent of People with Each Score
Percentile by Number Answered
Your Score History
You have not taken this quiz